Diseño: manual de muebles domésticos y objetos insólitos

Furkejuvvon:
Bibliográfalaš dieđut
Váldodahkki: Solarz, Ewa (Dahkki)
Materiálatiipa: Girji
Giella:espánnjágiella
Almmustuhtton: Coco Books 2012
Preanttus:1a. ed
Fáttát:
Fáddágilkorat: Lasit fáddágilkoriid
Eai fáddágilkorat, Lasit vuosttaš fáddágilkora!

MARC

LEADER 00000cam a2200000 a 4500
001 UCF9073
003 CL-VaPUC
008 131018e20120900sp |||||||||||||||||spa|d
020 |a 9788494003202 
082 0 4 |a 749.205  |b SOL  |2 21 
100 0 |a Solarz, Ewa  |e author  |9 571270 
245 1 0 |a Diseño: manual de muebles domésticos y objetos insólitos 
250 |a 1a. ed 
300 |a 167 p 
942 |c BK 
945 |d 20131018 14:00:00  |a dcastane 
260 |b Coco Books  |c 2012 
650 0 |a Diseño de muebles  |9 266980 
650 7 |a HISTORIA DEL DISEÑO  |2 CL-VaPUC  |9 475486 
650 0 |a Muebles  |9 266979 
583 |a last modification  |c 20131018 14:00:00  |k Rodrigo Vera 
999 |c 353558  |d 353556 
952 |0 0  |1 0  |3 erd  |4 0  |6 749_205000000000000_SOL_2012  |7 0  |8 A  |9 458882  |a BIBARQ  |b BIBARQ  |d 2019-11-23  |i 5021308  |l 1  |o 749.205 SOL 2012  |p 5021308  |r 2025-01-20  |s 2024-09-05  |w 2019-11-23  |y BK  |z Catalogado en:20131018  |k ARQ